| 000 | 01538ctm a22002891ia4500 | ||
|---|---|---|---|
| 003 | SA-RiAUC | ||
| 005 | 20251212135350.0 | ||
| 008 | 251211s1993 su f bm 00000 ara c | ||
| 040 |
_aSA-JeALM _bara _cSA-RiAUC _erda |
||
| 082 | 0 | 4 |
_a258.2 _qSA-RiAUC |
| 090 |
_aر 258.2 _bع ب د ح |
||
| 100 | 1 |
_aعبدالحق، حميش _eمؤلف. |
|
| 245 | 1 | 2 |
_aالمعونة على مذهب عالم المدينة الإمام مالك بن أنس تأليف القاضي عبد الوهاب البغدادي (422 هـ.) : _b[تحقيق ودراسة] / _cإعداد حميش عبدالحق ؛ إشراف محمد بن العروسي عبد القادر . |
| 264 | 0 |
_aمكة المكرمة : _bجامعة أم القرى . _c1993 |
|
| 300 |
_a3 مجلد _c30 سم . |
||
| 336 |
_aنص _btxt _2rdacontent _3أطروحة |
||
| 337 |
_aبدون وسيط _bn _2rdamedia |
||
| 338 |
_aمجلد _bnc _2rdacarrier |
||
| 500 | _aدراسة لنيل رسالةالدكتوراة | ||
| 504 | _aيشتمل على إرجاعات ببليوجرافية. | ||
| 650 | 7 |
_aالفقه المالكي _2aucsh |
|
| 650 | 7 |
_aالفقه الإسلامي _xمذاهب _2aucsh |
|
| 700 | 1 | 2 |
_iتحقيق لـ (عمل) : _aالقاضي عبد الوهاب، عبد الوهاب بن علي بن نصر، _d362-422 هجري. _tالمعونة على مذهب عالم المدينة الإمام مالك بن أنس |
| 700 |
_aعبدالقادر، محمد بن العروسي _eمشرف . |
||
| 942 |
_2ddc _cTHESES _n0 |
||
| 949 |
_aSA-JeALM _d251211 _uosman123 _n1 |
||
| 999 |
_c13492 _d13492 |
||